NHL All-Star Teams (2000-2025) - Statistics

General Stats
  • This quiz has been taken 44 times
  • The average score is 185 of 300
Answer Stats
Year First/Second Position Team Answer % Correct
2016-17 First Team C EDM Connor McDavid
97%
2017-18 First Team C EDM Connor McDavid
97%
2018-19 First Team C EDM Connor McDavid
97%
2020-21 First Team C EDM Connor McDavid
97%
2021-22 Second Team C EDM Connor McDavid
97%
2022-23 First Team C EDM Connor McDavid
97%
2023-24 Second Team C EDM Connor McDavid
97%
2020-21 First Team D COL Cale Makar
91%
2021-22 First Team D COL Cale Makar
91%
2022-23 Second Team D COL Cale Makar
91%
2023-24 Second Team D COL Cale Makar
91%
2024-25 First Team D COL Cale Makar
91%
2023-24 First Team D VAN Quinn Hughes
91%
2024-25 Second Team D VAN Quinn Hughes
91%
2020-21 Second Team C TOR Auston Matthews
88%
2021-22 First Team C TOR Auston Matthews
88%
2017-18 Second Team G WPG Connor Hellebuyck
88%
2019-20 First Team G WPG Connor Hellebuyck
88%
2023-24 First Team G WPG Connor Hellebuyck
88%
2024-25 First Team G WPG Connor Hellebuyck
88%
2019-20 First Team C EDM Leon Draisaitl
88%
2022-23 Second Team C EDM Leon Draisaitl
88%
2024-25 Second Team C EDM Leon Draisaitl
88%
2016-17 Second Team RW TBL Nikita Kucherov
88%
2017-18 First Team RW TBL Nikita Kucherov
88%
2018-19 First Team RW TBL Nikita Kucherov
88%
2019-20 Second Team RW TBL Nikita Kucherov
88%
2023-24 First Team RW TBL Nikita Kucherov
88%
2024-25 First Team RW TBL Nikita Kucherov
88%
2006-07 First Team C PIT Sidney Crosby
88%
2009-10 Second Team C PIT Sidney Crosby
88%
2012-13 First Team C PIT Sidney Crosby
88%
2013-14 First Team C PIT Sidney Crosby
88%
2014-15 Second Team C PIT Sidney Crosby
88%
2015-16 First Team C PIT Sidney Crosby
88%
2016-17 Second Team C PIT Sidney Crosby
88%
2018-19 Second Team C PIT Sidney Crosby
88%
2019-20 First Team RW BOS David Pastrnak
84%
2022-23 First Team RW BOS David Pastrnak
84%
2023-24 Second Team RW BOS David Pastrnak
84%
2024-25 Second Team RW BOS David Pastrnak
84%
2017-18 Second Team C COL Nathan MacKinnon
84%
2019-20 Second Team C COL Nathan MacKinnon
84%
2023-24 First Team C COL Nathan MacKinnon
84%
2024-25 First Team C COL Nathan MacKinnon
84%
2005-06 First Team LW WSH Alex Ovechkin
81%
2006-07 First Team LW WSH Alex Ovechkin
81%
2007-08 First Team LW WSH Alex Ovechkin
81%
2008-09 First Team LW WSH Alex Ovechkin
81%
2009-10 First Team LW WSH Alex Ovechkin
81%
2010-11 Second Team LW WSH Alex Ovechkin
81%
2012-13 First Team RW WSH Alex Ovechkin
81%
2012-13 Second Team LW WSH Alex Ovechkin
81%
2013-14 Second Team RW WSH Alex Ovechkin
81%
2014-15 First Team LW WSH Alex Ovechkin
81%
2015-16 Second Team LW WSH Alex Ovechkin
81%
2018-19 First Team LW WSH Alex Ovechkin
81%
2012-13 Second Team C CHI Jonathan Toews
81%
2018-19 First Team G TBL Andrei Vasilevskiy
78%
2020-21 First Team G TBL Andrei Vasilevskiy
78%
2024-25 Second Team G TBL Andrei Vasilevskiy
78%
2007-08 First Team C PIT Evgeni Malkin
78%
2008-09 First Team C PIT Evgeni Malkin
78%
2011-12 First Team C PIT Evgeni Malkin
78%
2021-22 Second Team RW CGY Matthew Tkachuk
78%
2022-23 Second Team RW FLA Matthew Tkachuk
78%
2020-21 First Team RW TOR Mitch Marner
78%
2021-22 First Team RW TOR Mitch Marner
78%
2009-10 First Team RW CHI Patrick Kane
78%
2015-16 First Team RW CHI Patrick Kane
78%
2016-17 First Team RW CHI Patrick Kane
78%
2018-19 Second Team RW CHI Patrick Kane
78%
2016-17 First Team LW BOS Brad Marchand
75%
2018-19 Second Team LW BOS Brad Marchand
75%
2019-20 Second Team LW BOS Brad Marchand
75%
2020-21 First Team LW BOS Brad Marchand
75%
2011-12 Second Team G LAK Jonathan Quick
75%
2012-13 Second Team D PIT Kris Letang
75%
2015-16 Second Team D PIT Kris Letang
75%
2011-12 First Team D OTT Erik Karlsson
72%
2014-15 First Team D OTT Erik Karlsson
72%
2015-16 First Team D OTT Erik Karlsson
72%
2016-17 First Team D OTT Erik Karlsson
72%
2022-23 First Team D SJS Erik Karlsson
72%
2024-25 First Team LW WPG Kyle Connor
72%
2020-21 Second Team G VEG Marc-Andre Fleury
72%
2002-03 First Team G NJD Martin Brodeur
72%
2003-04 First Team G NJD Martin Brodeur
72%
2005-06 Second Team G NJD Martin Brodeur
72%
2006-07 First Team G NJD Martin Brodeur
72%
2007-08 Second Team G NJD Martin Brodeur
72%
2020-21 Second Team RW COL Mikko Rantanen
72%
2019-20 First Team D NSH Roman Josi
72%
2021-22 First Team D NSH Roman Josi
72%
2023-24 First Team D NSH Roman Josi
72%
2012-13 First Team G CBJ Sergei Bobrovsky
72%
2016-17 First Team G CBJ Sergei Bobrovsky
72%
2016-17 Second Team D TBL Victor Hedman
72%
2017-18 First Team D TBL Victor Hedman
72%
2018-19 Second Team D TBL Victor Hedman
72%
2019-20 Second Team D TBL Victor Hedman
72%
2020-21 Second Team D TBL Victor Hedman
72%
2021-22 Second Team D TBL Victor Hedman
72%
2024-25 Second Team D TBL Victor Hedman
72%
2020-21 First Team D NYR Adam Fox
69%
2022-23 First Team D NYR Adam Fox
69%
2023-24 Second Team D NYR Adam Fox
69%
2016-17 Second Team LW CHI Artemi Panarin
69%
2019-20 First Team LW NYR Artemi Panarin
69%
2022-23 Second Team LW NYR Artemi Panarin
69%
2023-24 First Team LW NYR Artemi Panarin
69%
2014-15 First Team G MTL Carey Price
69%
2009-10 Second Team D LAK Drew Doughty
69%
2014-15 Second Team D LAK Drew Doughty
69%
2015-16 First Team D LAK Drew Doughty
69%
2017-18 First Team D LAK Drew Doughty
69%
2009-10 First Team D CHI Duncan Keith
69%
2013-14 First Team D CHI Duncan Keith
69%
2016-17 Second Team D CHI Duncan Keith
69%
2023-24 Second Team LW NSH Filip Forsberg
69%
2013-14 First Team LW DAL Jamie Benn
69%
2014-15 Second Team LW DAL Jamie Benn
69%
2015-16 First Team LW DAL Jamie Benn
69%
1999-00 First Team RW PIT Jaromir Jagr
69%
2000-01 First Team RW PIT Jaromir Jagr
69%
2005-06 First Team RW NYR Jaromir Jagr
69%
2022-23 First Team LW DAL Jason Robertson
69%
2002-03 Second Team C BOS Joe Thornton
69%
2005-06 First Team C BOS/SJS Joe Thornton
69%
2007-08 Second Team C SJS Joe Thornton
69%
2015-16 Second Team C SJS Joe Thornton
69%
2002-03 First Team C COL Peter Forsberg
69%
2010-11 Second Team C TBL Steven Stamkos
69%
2011-12 Second Team C TBL Steven Stamkos
69%
2024-25 First Team D CBJ Zach Werenski
69%
2015-16 Second Team D SJS Brent Burns
66%
2016-17 First Team D SJS Brent Burns
66%
2018-19 First Team D SJS Brent Burns
66%
2009-10 Second Team LW VAN Daniel Sedin
66%
2010-11 First Team LW VAN Daniel Sedin
66%
2009-10 First Team C VAN Henrik Sedin
66%
2010-11 First Team C VAN Henrik Sedin
66%
2022-23 Second Team G NYI Ilya Sorokin
66%
2023-24 Second Team G VAN Thatcher Demko
66%
2008-09 First Team G BOS Tim Thomas
66%
2010-11 First Team G BOS Tim Thomas
66%
2013-14 First Team D BOS Zdena Chara
66%
2003-04 First Team D OTT Zdeno Chara
66%
2005-06 Second Team D OTT Zdeno Chara
66%
2007-08 Second Team D BOS Zdeno Chara
66%
2008-09 First Team D BOS Zdeno Chara
66%
2010-11 Second Team D BOS Zdeno Chara
66%
2011-12 Second Team D BOS Zdeno Chara
66%
2011-12 First Team G NYR Henrik Lundqvist
63%
2012-13 Second Team G NYR Henrik Lundqvist
63%
2001-02 First Team RW CGY Jarome Iginla
63%
2003-04 Second Team RW CGY Jarome Iginla
63%
2007-08 First Team RW CGY Jarome Iginla
63%
2008-09 First Team RW CGY Jarome Iginla
63%
2000-01 First Team C COL Joe Sakic
63%
2001-02 First Team C COL Joe Sakic
63%
2003-04 First Team C COL Joe Sakic
63%
2018-19 Second Team D WSH John Carlson
63%
2019-20 First Team D WSH John Carlson
63%
2014-15 First Team C NYI John Tavares
63%
2022-23 First Team G BOS Linus Ullmark
63%
2000-01 Second Team C PIT Mario Lemieux
63%
2003-04 First Team RW TBL Martin St. Louis
63%
2006-07 Second Team RW TBL Martin St. Louis
63%
2009-10 Second Team RW TBL Martin St. Louis
63%
2010-11 Second Team RW TBL Martin St. Louis
63%
2012-13 Second Team RW TBL Martin St. Louis
63%
1999-00 First Team D DET Nicklas Lidstrom
63%
2000-01 First Team D DET Nicklas Lidstrom
63%
2001-02 First Team D DET Nicklas Lidstrom
63%
2002-03 First Team D DET Nicklas Lidstrom
63%
2005-06 First Team D DET Nicklas Lidstrom
63%
2006-07 First Team D DET Nicklas Lidstrom
63%
2007-08 First Team D DET Nicklas Lidstrom
63%
2008-09 Second Team D DET Nicklas Lidstrom
63%
2009-10 Second Team D DET Nicklas Lidstrom
63%
2010-11 First Team D DET Nicklas Lidstrom
63%
2008-09 Second Team C DET Pavel Datsyuk
63%
2010-11 Second Team G NSH Pekka Rinne
63%
2017-18 First Team G NSH Pekka Rinne
63%
2012-13 First Team D MTL PK Subban
63%
2014-15 First Team D MTL PK Subban
63%
2017-18 Second Team D NSH PK Subban
63%
2015-16 First Team G WSH Braden Holtby
59%
2016-17 Second Team G WSH Braden Holtby
59%
2021-22 Second Team D BOS Charlie McAvoy
59%
2017-18 Second Team LW PHI Claude Giroux
59%
2021-22 First Team G NYR Igor Shesterkin
59%
2003-04 Second Team LW ATL Ilya Kovalchuk
59%
2011-12 First Team LW NJD Ilya Kovalchuk
59%
2021-22 Second Team G CGY Jacob Markstrom
59%
2021-22 First Team LW CGY Johnny Gaudreau
59%
2001-02 Second Team C TOR Mats Sundin
59%
2003-04 Second Team C TOR Mats Sundin
59%
2003-04 Second Team G FLA Roberto Luongo
59%
2006-07 Second Team G VAN Roberto Luongo
59%
2013-14 Second Team C ANA Ryan Getzlaf
59%
2009-10 First Team G BUF Ryan Miller
59%
2010-11 First Team D NSH Shea Weber
59%
2011-12 First Team D NSH Shea Weber
59%
2013-14 Second Team D NSH Shea Weber
59%
2014-15 Second Team D NSH Shea Weber
59%
2013-14 First Team G BOS Tuukka Rask
59%
2019-20 Second Team G BOS Tuukka Rask
59%
2010-11 First Team RW ANA Corey Perry
56%
2013-14 First Team RW ANA Corey Perry
56%
2020-21 Second Team LW FLA Jonathan Huberdeau
56%
2021-22 Second Team LW FLA Jonathan Huberdeau
56%
2011-12 Second Team D STL Alex Pietrangelo
53%
2013-14 Second Team D STL Alex Pietrangelo
53%
2019-20 Second Team D STL Alex Pietrangelo
53%
2015-16 Second Team G TBL Ben Bishop
53%
2018-19 Second Team G DAL Ben Bishop
53%
2017-18 Second Team RW WPG Blake Wheeler
53%
2024-25 Second Team LW TBL Brandon Hagel
53%
2000-01 First Team G BUF Dominik Hasek
53%
2007-08 Second Team LW DET Henrik Zetterberg
53%
2017-18 First Team LW NJD Taylor Hall
53%
2005-06 Second Team RW OTT Daniel Alfredsson
50%
2013-14 Second Team LW SJS Joe Pavelski
50%
2001-02 First Team G COL Patrick Roy
50%
2006-07 Second Team C TBL Vincent Lecavalier
50%
2014-15 Second Team RW STL Vladimir Tarasenko
50%
2015-16 Second Team RW STL Vladimir Tarasenko
50%
2005-06 Second Team C CAR Eric Staal
47%
2022-23 Second Team D BOS Hampus Lindholm
47%
2018-19 First Team D CGY Mark Giordano
47%
2000-01 First Team LW NJD Patrik Elias
47%
1999-00 First Team C DET Steve Yzerman
47%
2005-06 Second Team LW OTT Dany Heatley
44%
2006-07 First Team RW OTT Dany Heatley
44%
2005-06 First Team G CGY Miikka Kiprusoff
44%
2008-09 First Team D WSH Mike Green
44%
2009-10 First Team D WSH Mike Green
44%
1999-00 Second Team C DAL Mike Modano
44%
2003-04 First Team D NJD Scott Niedermayer
44%
2005-06 First Team D MDA Scott Niedermayer
44%
2006-07 First Team D ANA Scott Niedermayer
44%
2017-18 Second Team D CBJ Seth Jones
44%
1999-00 First Team D STL Chris Pronger
41%
2003-04 Second Team D STL Chris Pronger
41%
2006-07 Second Team D ANA Chris Pronger
41%
2001-02 Second Team G MTL Jose Theodore
41%
2008-09 Second Team RW DET Marian Hossa
41%
1999-00 Second Team LW MDA Paul Kariya
41%
2002-03 Second Team LW MDA Paul Kariya
41%
1999-00 Second Team RW FLA Pavel Bure
41%
2000-01 Second Team RW FLA Pavel Bure
41%
2012-13 First Team D MIN Ryan Suter
41%
2000-01 Second Team D NJD Scott Stevens
41%
2008-09 Second Team LW NJD Zach Parise
41%
2020-21 Second Team D CAR Dougie Hamilton
38%
2000-01 First Team D COL Ray Bourque
38%
2014-15 Second Team G ARI/MIN Devan Dubnyk
34%
2009-10 Second Team G PHX Ilya Bryzgalov
34%
1999-00 First Team G WSH Olaf Kolzig
34%
2005-06 Second Team D DAL Sergei Zubov
34%
1999-00 First Team LW DET Brendan Shanahan
31%
2001-02 Second Team LW DET Brendan Shanahan
31%
2012-13 First Team LW PIT Chris Kunitz
31%
2007-08 First Team D CGY Dion Phaneuf
31%
2007-08 First Team G SJS Evgeni Nabokov
31%
2014-15 First Team RW PHI Jakub Voracek
31%
2001-02 First Team LW VAN Markus Naslund
31%
2002-03 First Team LW VAN Markus Naslund
31%
2003-04 First Team LW VAN Markus Naslund
31%
2002-03 Second Team RW COL Milan Hejduk
31%
1999-00 Second Team D LAK Rob Blake
31%
2000-01 Second Team D LAK/COL Rob Blake
31%
2001-02 Second Team D COL Rob Blake
31%
2008-09 Second Team G CBJ Steve Mason
31%
2001-02 First Team D DET Chris Chelios
28%
2007-08 Second Team RW MTL Alex Kovalev
25%
2006-07 Second Team D TBL Dan Boyle
25%
2008-09 Second Team D SJS Dan Boyle
25%
2011-12 First Team RW PIT James Neal
25%
2013-14 Second Team G COL Semyon Varlamov
25%
2000-01 Second Team LW LAK Luc Robitaille
22%
2002-03 Second Team G DAL Marty Turco
22%
2002-03 First Team RW VAN Todd Bertuzzi
22%
2002-03 First Team D STL Al MacInnis
19%
2011-12 Second Team RW NYR Marian Gaborik
19%
2000-01 Second Team G PHI Roman Cechmanek
19%
2002-03 Second Team D DAL Derian Hatcher
16%
2012-13 Second Team D ANA Francois Beauchemin
16%
2001-02 Second Team D WSH Sergei Gonchar
16%
2002-03 Second Team D WSH Sergei Gonchar
16%
2006-07 Second Team LW BUF Thomas Vanek
16%
2007-08 Second Team D BUF/SJS Brian Campbell
13%
1999-00 Second Team D PHI Eric Desjardins
13%
2003-04 Second Team D TOR Bryan McCabe
9%
1999-00 Second Team G STL Roman Turek
9%
2010-11 Second Team D ANA Lubomir Visnovsky
6%
2011-12 Second Team LW PHX Ray Whitney
6%
2001-02 Second Team RW BOS Bill Guerin
0%
No matching quizzes found
Score Distribution
Percent of People with Each Score
Percentile by Number Answered
Your Score History
You have not taken this quiz